| 000 | 01221cam a2200325u 4500 | ||
|---|---|---|---|
| 001 | 24044 | ||
| 003 | BD-RjUL | ||
| 005 | 20211209001013.0 | ||
| 008 | 140312s1969 enkab a 001 0beng d | ||
| 035 | _a(BD-RjUL) 24110 | ||
| 040 |
_aDLC _cCarP _dDLC _dBD-RjUL _beng |
||
| 041 | _aeng | ||
| 082 | 0 | 0 |
_a934 _bMCI 1969 |
| 100 | 1 |
_aM'Crindle, John Watson, _d1825-1913. _974057 |
|
| 245 | 1 | 4 |
_aThe invasion of India by Alexander the Great as described by Arrian, Q. Curtius, Diodoros, Plutarch and Justin / _cM'Crindle, John Watson, |
| 260 |
_aWestminster : _bA. Constable and company, _c1896. [Reprinted 1969] |
||
| 300 |
_axxxix, 432 p. : _bincl. front., illus., maps (part fold.) ; _c24 cm. |
||
| 504 | _aIncludes Index | ||
| 600 | 0 | 0 |
_aAlexander, _cthe Great, _d356 B.C.-323 B.C. _974064 |
| 651 | 0 |
_aIndia _xHistory _yTo 324 B.C. _96158 |
|
| 700 | 1 |
_aJustinus, Marcus Junianus. _974059 |
|
| 700 | 0 |
_aArrian. _tAnabasis. _974060 |
|
| 700 | 2 |
_aCurtius Rufus, Quintus. _tHistoria Alexandri Magni. _974061 |
|
| 700 | 0 |
_aDiodorus, _cSiculus. _tBibliotheca historica. _974062 |
|
| 700 | 0 |
_aPlutarch. _tAlexander. _974063 |
|
| 942 |
_2ddc _cBK |
||
| 999 |
_c24044 _d24044 |
||